EFSANE KOMUTAN ENDÜLÜS ŞAHİNİ (Record no. 643327)

MARC details
000 -LEADER
sabit uzunluktaki kontrol alanı 00265nam a2200097Ia 4500
001 - KONTROL NUMARASI
kontrol alanı 643327
005 - EN SON İŞLEMİN TARİH VE ZAMANI
kontrol alanı 20250826153543.0
008 - SABİT-UZUNLUKTA VERİ ÖĞELERİ--GENEL BİLGİ
sabit uzunluktaki kontrol alanı 250824s9999 xx 000 0 und d
245 #0 - ESER / YAZAR
ESER ADI EFSANE KOMUTAN ENDÜLÜS ŞAHİNİ
Yazar Adı AHMET YILMAZ BOYUNAĞA
260 ## - YAYIN, DAĞITIM, VB.
YAYIN EVİ GENÇ TİMAŞ
Holdings
Düşüm durumu Kayıp durumu Hasar Durumu Ödünç verilmez Ana kütüphane Geçerli Kütüphane Edinilen tarih Toplam ödünç verme sayısı Barkod Son görüntüleme tarihi Fiyatın geçerli olmaya başladığı tarih Koha materyal türü
        AKINCILAR AHMET HAŞHAŞ İLKOKULU AKINCILAR AHMET HAŞHAŞ İLKOKULU 24.08.2025   10041000 26.08.2025 26.08.2025 Books